Sélections nationales de football par logo (partie 1) - Statistiques

Statistiques générales
  • Ce quiz a été pris 653 fois
  • Le résultat moyen est 18 sur 20
Statistiques - réponses
Par images Réponse % Correct
Allemagne
99%
Brésil
99%
Espagne
99%
Italie
99%
Argentine
98%
Angleterre
97%
Croatie
96%
Maroc
96%
États-Unis
93%
Jamaïque
93%
Chine
92%
Colombie
92%
Iran
91%
Uruguay
90%
Nouvelle-Zélande
89%
Russie
88%
Égypte
81%
Mexique
81%
Corée du Sud
52%
Afrique du Sud
27%
Aucun quiz correspondant
Distribution des résultats
% des personnes avec chaque résultat
Percentile par nombre de réponses
Votre historique - résultats
Vous n’avez pas pris ce quiz